| 000 | 00441nam a2200169Ia 4500 | ||
|---|---|---|---|
| 008 | 230524s9999 xx 000 0 und d | ||
| 082 |
_a621.3829 _bIFE |
||
| 100 | _aEmmanuel C.Ifeachor | ||
| 245 | 0 | _aDigital Signal Processing (A Practical Approach) | |
| 250 | _a2ND | ||
| 260 |
_aNEW DELHI _bPearson _c2004 |
||
| 300 | _aXIV;925 | ||
| 500 | _aQuantity Number: 2 | ||
| 650 | _aElectronics | ||
| 700 | _a Barrie W.Jervis | ||
| 942 | _cBK | ||
| 999 |
_c36266 _d36266 |
||